00659 2200241 4500001002100000008004100021035002000062245005100082100001700133260004400150300001100194020002200205084001600227082000800243650002100251990002100272990001900293990002100312990002100333990002100354990002100375990002100396INLIS000000000001396 ind  a0010-0724001396 aAneka Konstruksi Krajinan TangancRaharjo,S.TP aRaharjo,S.TP aSurakarta :bPT Era Pustaka Utamac2008 a72 hlm a978-602-8024-77-8 a745.5 RAH a a745 aKerajinan Tangan aP29/CP/24/1396.2 aP29/CP/24/1396 aP29/CP/24/1396.1 aP29/CP/24/1396.3 aP29/CP/24/1396.4 aP29/CP/24/1396.5 aP29/CP/24/1396.6